000 01971nam2a2200241 4500
001 RU\NLR\BIBL_A\022108386
005 20250625123347.0
035 _a(NLR Aleph) 022108386
090 _a12769402
_c12769402
100 _a20080404d1912 |||y0rusy50 ca
101 0 _arus
102 _aRU
105 _aah z 000zy
200 0 _a[Т. 1], вып. 3
210 _d1912
_aБ. м.
215 _a[2], 22, [4] с., [19] л. ил., факс.
_cил.
327 1 _aСодерж.: Мелкие рукописи: Послание к Хвостову; Мысль умного дворянина; Челобитная соловецких старцев, поданная царю Алексею Михайловичу в граде Москве, 7175 г.; Альбом рисунков из жизни русского раскола и старообрядчества (начало); Материалы для истории русского раскола и старообрядчества: Переписка старца Никодима, настоятеля и строителя Святоуспенского монастыря конца XVIII века (начало)
461 0 _1001v19\rc\1918091
_12001#$aЗаписки библиофила$eхудожественно-библиографический сборник$f[соч.] Александра Евгеньевича Бурцева$v[Т. 1], вып. 3
_1700#1$aБурцев$bА. Е.$f1863-1938$gАлександр Евгеньевич$3RU\NLR\AUTH\7767099
_96429895
_aБурцев, А. Е. (1863-1938)
_cС.-Петербург
_d1912
_f[соч.] Александра Евгеньевича Бурцева
_nТипография А. К. Вейерман
_oхудожественно-библиографический сборник
_tЗаписки библиофила
_v[Т. 1], вып. 3
852 _aNLR
_j37.8.3.5(1-3)
942 _cBOOK
980 _aNB